000 00262nam a2200097Ia 4500
008 241105s9999 xx 000 0 und d
041 _aeng
100 _aMisal Tirtha
_9182578
245 _aSlum Rehabilitation Maharashtra
260 _bFinal Year B. Arch, BNCA
_c2014
999 _c360869
_d360869